000 00479nam a2200181 a 4500
001 11201
005 20180713195343.0
008 140415s1967 000 0 spa d
041 _aspa
082 _a253.2
_bSME
100 1 _aSMEDT, E. J. DE
245 1 3 _aEL AMOR CONYUGAL :
_bPARTORAL DIALOGO
250 _a2a ed.
260 _a[s.l.] :
_bHERDER,
_c1967
300 _a173
650 1 4 _aFAMILIA CRISTIANA
_xVIDA CRISTIANA
700 1 _aVALLVERDU, J.
_ecoaut.
999 _c11201
_d11201